00474nam a2200145Ia 4500020001800000082001500018245009500033260004800128300001300176440004400189650003500233650002300268700001800291700001900309 a9789888208135 a371.8 MIN; 0aMinority education in China: balancing unity and diversity in an era of critical pluralism aHong KongbHong Kong University Pressc2014 axx, 405p aEducation in China reform and diversity aMINORITIES - EDUCATION - CHINA aCULTURAL PLURALISM aYangbin, Chen aLeibold, James